000 01343nam a2200313 i 4500
001 000045463
003 DO-SdBNP
005 20250902100434.0
007 ta
008 150407s1999 dr a 000 0 spa d
040 _aDO-SdBNP
_bspa
_cBNPHU
_erda
041 _aspa
082 4 _a938
_bB171g
_222
100 1 _a Balaguer, Joaquín,
_d1906-2002
_eautor
_4aut-
_976556
245 1 0 _aGrecia eterna /
_cJoaquín Balaguer.
250 _aPrimera edición
264 4 _aSanto Domingo :
_bEditora Corripio,
_c©1999.
300 _axi, 295 páginas :
_bilustraciones ;
_c24 cm.
336 _atexto
_btxt
_2rdacontent
337 _asin mediación
_bn
_2rdamedia
338 _avolumen
_bnc
_2rdacarrier
500 _aIncluye referencias bibliográficas y notas al pie de las páginas
504 _aBibliografía : páginas 293-294
505 0 _aOrigen y población --
_tEl genio griego en las artes --
_tLas artes plásticas--
_tLa pintura --
_tEl Partenón --
_tEl genio literario griego--
_tLos poetas trágicos--
_tLos poetas comicos --
_tLos filósofos--
_tLa sofistica--
_tLa ciencia griega--
_tGrecia cuna de la historia--
_tLa mitología griega
_tLa democracia ateniense--
_tEl milagro griego--
_tLa semblanza.
590 _aInventariado, 2025/BT
651 4 _aGrécia
_xHistoria
_92389
910 _aValidado. Control de calidad MFF
942 _2ddc
_cLBS1
999 _c44952
_d44952